Frehel (Record no. 170557)

MARC details
000 -LEADER
campo de control de longitud fija 00561nam a22001695i 4500
001 - NÚMERO DE CONTROL
campo de control 170557
003 - IDENTIFICADOR DE NÚMERO DE CONTROL
campo de control ES-MaACL
005 - FECHA Y HORA DE LA ÚLTIMA TRANSACCIÓN
campo de control 20230906214409.0
008 - DATOS DE LONGITUD FIJA--INFORMACIÓN GENERAL
campo de control de longitud fija 090316s1992 fr |||| | fre d
080 ## - NÚMERO DE LA CLASIFICACIÓN DECIMAL UNIVERSAL
Número de la Clasificación Decimal Universal 929 Frehel
100 1# - ENTRADA PRINCIPAL--NOMBRE DE PERSONA
Nombre de persona Primack, Jacques.
9 (RLIN) 139636
245 10 - MENCIÓN DEL TÍTULO
Título Frehel
Resto del título : sa vie, ses chansos /
Mención de responsabilidad, etc. par Jacques Primack.
260 ## - PUBLICACIÓN, DISTRIBUCIÓN, ETC.
Lugar de publicación, distribución, etc. Paris :
Nombre del editor, distribuidor, etc. Fortin,
Fecha de publicación, distribución, etc. 1992.
300 ## - DESCRIPCIÓN FÍSICA
Extensión [8] p. :
Otras características físicas il. ;
Dimensiones 30 cm +
Material acompañante/anejo 8 partituras con música y letra.
600 14 - PUNTO DE ACCESO ADICIONAL DE MATERIA--NOMBRE DE PERSONA
Nombre de persona Frehel.
9 (RLIN) 139637
852 ## - LOCALIZACIÓN
Ubicación ES-MaACL
Número de control de estantería 2278-F-2
itemnumber R.141190
Nota libre .- Biblioteca Jacinto Martínez Lacalle
Holdings
Estatus retirado Estado de pérdida Estado de daño No para préstamo Colección Biblioteca de origen Biblioteca actual Ubicación en estantería Fecha de adquisición Fuente de adquisición Total de préstamos Signatura topográfica completa Código de barras Visto por última vez Precio de reemplazo Tipo de ítem Koha
        Colección de folletos Biblioteca del Ateneo de Madrid Biblioteca del Ateneo de Madrid Depósito folletos 16/03/2009     2278-F-2 1178988 23/02/2023 23/02/2023 Folleto